LEADER 00982cam a2200277 i 4500 001 991000662779707536 008 041129s1988 enka b 001 0 eng c 020 $a1852211105 020 $a1852211091 035 $ab13254376-39ule_inst 040 $aDip.to Biologia$beng 082 0 $a576.863$222 245 00$aGenome analysis :$ba practical approach /$cedited by K.E. Davies 260 $aOxford ;$aWashington :$bIRL Press,$c1988 300 $axiv, 192 p. :$bill. ;$c23 cm 440 0$aPractical approach series 504 $aIncludes bibliographies and index 650 0$aGene mapping$xTechnique 650 2$aChromosome Mapping 700 1 $aDavies, Kay E. 907 $a.b13254376$b09-11-10$c29-11-04 912 $a991000662779707536 945 $aLE003 576.8 DAV01.01 (1998)$g1$i2003000046410$lle003$o-$pE0.00$q-$rl$s- $t0$u1$v0$w1$x0$y.i13950939$z29-11-04 996 $aGenome analysis$9875199 997 $aUNISALENTO 998 $ale003$b29-11-04$cm$da $e-$feng$genk$h0$i0